000 00428pab a2200169 454500
008 180718b2012 xxu||||| |||| 00| 0 eng d
100 _aKannan, K.P.
245 _aTransformations and tribulations
260 _c2012
300 _ap.14-19.
362 _aSep
650 _aEconomic and social development - India - Kerala
650 _aEconomic and social development
773 _aSeminar
908 _aN
909 _a97749
999 _c97748
_d97748